Tus ideas lo cambian todo. El secreto del éxito sostenible

Uloženo v:
Podrobná bibliografie
Hlavní autoři: Getz, Isaac (Autor), Robinson, Alan G (Autor)
Médium: Kniha
Jazyk:španělština
Vydáno: Ciudad de México Alfaomega 2005
Témata:
Tagy: Přidat tag
Žádné tagy, Buďte první, kdo vytvoří štítek k tomuto záznamu!

MARC

LEADER 00000nam a2200000 a 4500
001 UCI2055
003 CL-VaPUC
008 070803e20050000MX |||||||||||||||||spa|d
020 |a 9701510895 
082 0 4 |a 658.314  |b GET  |2 21 
100 0 |a Getz, Isaac  |e author  |9 522898 
700 0 |a Robinson, Alan G  |e author  |9 522899 
245 1 0 |a Tus ideas lo cambian todo. El secreto del éxito sostenible 
300 |a 223 p 
942 |c BK 
945 |d 20070803 00:00:00  |a rbrito 
260 |a Ciudad de México  |b Alfaomega  |c 2005 
650 7 |a MOTIVACION DE RENDIMIENTO  |2 CL-VaPUC  |9 522900 
650 7 |a RENDIMIENTO EN EL TRABAJO  |2 CL-VaPUC  |9 522901 
650 7 |a PSICOLOGIA DEL TRABAJO  |2 CL-VaPUC  |9 324586 
650 0 |a Condiciones de trabajo   |9 359118 
650 0 |a Ambiente industrial  |9 522902 
650 0 |a Relaciones laborales   |9 335971 
650 7 |a SOCIOLOGIA DEL TRABAJO  |2 CL-VaPUC  |9 522903 
650 7 |a GESTION DE PERSONAL  |2 CL-VaPUC  |9 522904 
583 |a last modification  |c 20070803 00:00:00  |k Rodrigo Vera 
999 |c 326702  |d 326700 
952 |0 0  |1 0  |4 0  |6 658_314000000000000_GET_2005  |7 0  |8 A  |9 408805  |a BIBENE  |b BIBENE  |d 2019-11-22  |i 4356985  |o 658.314 GET 2005  |p 4356985  |r 2025-01-15  |w 2019-11-22  |y BK  |k ICO